000 02227cam a22004094a 4500
999 _c21850
_d21850
001 15653281
003 OSt
005 20170123095441.0
008 090302s2010 moua b 001 0 eng
010 _a 2009009174
016 7 _a101497768
_2DNLM
020 _a9780323056625 (pbk. : alk. paper)
020 _a0323056628 (pbk. : alk. paper)
035 _a(OCoLC)ocn314596975
040 _aDNLM/DLC
_cDLC
_dYDX
_dNLM
_dDLC
042 _apcc
050 0 0 _aRT 90.3 .H435 2010
060 0 0 _a2009 L-803
060 1 0 _aWY 100
_bH4343 2010
082 0 0 _a613
_222
245 0 0 _aHealth promotion throughout the life span /
_c[edited by] Carole Lium Edelman, Carol Lynn Mandle.
250 _a7th ed.
260 _aSt. Louis, Mo. :
_bMosby,
_c2010.
300 _axix, 697 p. :
_bill. ;
_c28 cm.
500 _aincludes bibliographical references and index.
505 0 _aHealth defined : objectives for promotion and prevention -- Emerging populations and health -- Health policy and the delivery system -- The therapeutic relationship -- Ethical issues relevant to health promotion -- Health promotion and the individual -- Health promotion and the family -- Health promotion and the community -- Screening -- Health education -- Nutrition counseling for health promotion -- Exercise -- Stress management -- Holistic health strategies -- Overview of growth and development framework -- The prenatal period -- Infant -- Toddler -- Preschool child -- School-age child -- Adolescent -- Young adult -- Middle-age adult -- Older adult -- Health promotion in the twenty-first century : throughout the life span and throughout the world.
650 0 _aHealth promotion.
650 0 _aNursing.
650 0 _aMedicine, Preventive.
650 1 2 _aNursing Care.
650 2 2 _aHealth Promotion.
700 1 _aEdelman, Carole.
700 1 _aMandle, Carol Lynn.
906 _a7
_bcbc
_corignew
_d1
_eecip
_f20
_gy-gencatlg
942 _2lcc
_cBOOKS
_hRT 90.3 .H435 2010
_k29970